Southville International School and Colleges
Your cart is empty.
  • Cart
  • Lists
    Public lists Eva Luna New books Lux_list list_1
    Your lists Log in to create your own lists
  • Log in to your account
  • Your cookies
  • Search history
Southville International School and Colleges
  • Advanced search
  • Recent comments
  • Most popular
  • Libraries

Log in to your account

Log in with GOOGLE


If you do not have an external account, but do have a local account, you can still log in:

  1. Home
  2. MARC view: Eastern hemisphere :
Normal view MARC view ISBD view

Eastern hemisphere : (Record no. 10553)

[ view plain ]
MARC details
000 -LEADER
fixed length control field 00556nam a22001817a 4500
003 - CONTROL NUMBER IDENTIFIER
control field OSt
005 - DATE AND TIME OF LATEST TRANSACTION
control field 20140310182214.0
008 - FIXED-LENGTH DATA ELEMENTS--GENERAL INFORMATION
fixed length control field 130906t xxu||||| |||| 00| 0 eng d
050 ## - LIBRARY OF CONGRESS CALL NUMBER
Classification number G 128
Item number .Sch378 1983
082 ## - DEWEY DECIMAL CLASSIFICATION NUMBER
Classification number HS 947.1811
Item number Ea77 1983
100 ## - MAIN ENTRY--PERSONAL NAME
Personal name Schreiber, Joan
9 (RLIN) 16947
245 ## - TITLE STATEMENT
Title Eastern hemisphere :
Remainder of title Europe,Asia,Africa and Oceana /
Statement of responsibility, etc Joan Schreiber.
260 ## - PUBLICATION, DISTRIBUTION, ETC. (IMPRINT)
Place of publication, distribution, etc Illinois :
Name of publisher, distributor, etc Scott Foresman and Company,
Date of publication, distribution, etc 1983.
300 ## - PHYSICAL DESCRIPTION
Extent 512 p. ;
Other physical details ill. some col. ;
Dimensions 21 cm.
650 ## - SUBJECT ADDED ENTRY--TOPICAL TERM
Topical term or geographic name as entry element Eastern hemisphere
9 (RLIN) 16948
942 ## - ADDED ENTRY ELEMENTS (KOHA)
Source of classification or shelving scheme Library of Congress Classification
Koha item type
Holdings
Withdrawn status Lost status Source of classification or shelving scheme Damaged status Home library Current library Shelving location Date acquired Total Checkouts Full call number Barcode Date last seen Copy number Price effective from Koha item type
    Library of Congress Classification   Luxembourg Library Luxembourg Library High School Section 09/06/2013   G 128 .Sch378 1983 2662 09/06/2013 1 09/06/2013 Books

Eastern hemisphere :

APA

Schreiber J., . (1983). Eastern hemisphere. Illinois: Scott Foresman and Company.

Chicago

Schreiber Joan, . 1983. Eastern hemisphere. Illinois: Scott Foresman and Company.

Harvard

Schreiber J., . (1983). Eastern hemisphere. Illinois: Scott Foresman and Company.

MLA

Schreiber Joan, . Eastern hemisphere. Illinois: Scott Foresman and Company. 1983.

  • Place hold
  • Print
  • Cite
  • Add to your cart (remove)
  • Save record
    BIBTEX Dublin Core MARCXML MARC (non-Unicode/MARC-8) MARC (Unicode/UTF-8) MARC (Unicode/UTF-8, Standard) MODS (XML) RIS
  • More searches
    Search for this title in:
    Other Libraries (WorldCat) Other Databases (Google Scholar) Online Stores (Bookfinder.com) Open Library (openlibrary.org)

Exporting to Dublin Core...

SOUTHVILLE LIBRARY

Southville International School and Colleges Library

1281 Tropical Ave. Cor. Luxembourg St., BF Homes International, Las Pinas City

Tel. No. 8256374 / 252358 Loc. 117/146

Powered by Koha